| 000 | 00691nam a22002412a 4500 | ||
|---|---|---|---|
| 001 | 23410 | ||
| 003 | BD-RjUL | ||
| 005 | 20211209000927.0 | ||
| 008 | 140310t1947 e 001 0 eng c | ||
| 035 | _a(BD-RjUL)23475 | ||
| 040 |
_aWSU _cWSU _dEQO _dBD-RjUL _beng |
||
| 041 | _aeng | ||
| 082 | 0 | 4 |
_a914.1 _bMOI 1947 |
| 090 |
_aDA866 _b.M85 1934 |
||
| 100 | 1 |
_aMorton, H. V. _q(Henry Vollam), _d1892-1979 _972107 |
|
| 245 | 1 | 0 |
_aIn search of Scotland / _cH.V. Morton. |
| 250 | _aThirty third ed. | ||
| 260 |
_aLondon : _bMethuen & Co. ltd, _c1947. |
||
| 300 |
_a288 p : _bill. ; _c21 cm. |
||
| 504 | _aincludes index. | ||
| 651 | 0 |
_aScotland _xDescription and travel _972108 |
|
| 942 |
_2ddc _cBK |
||
| 999 |
_c23410 _d23410 |
||